000 00731nam a2200217 i 4500
001 101919
003 ES-MaACL
005 20250724062612.0
007 t|
008 051028s1954 sp a |||| | spa d
100 1 _aMellersh, H.E.L.
_979996
245 1 3 _aEl mundo y el hombre
_b: síntesis de conocimientos modernos /
_cH.E.L. Mellersh ; [traducción prologada y anotada por Miguel Masriera ; dibujos y esquemas de Sally Mellersh].
250 _a1ª ed.
260 _aBarcelona :
_bAymá,
_c1954.
300 _a370 p. :
_bil. ;
_c22 cm.
650 7 _aCultura
_2embne
_9170963
700 1 _aMasriera y Rubio, Miguel.
_978778
700 1 _aMellersh, Sally.
_9170949
852 _aES-MaACL
_jC-8245
999 _c101919
_d101919